Actualización de tablas de aranceles profesionales /

Tallennettuna:
Bibliografiset tiedot
Päätekijä: Sube Ibarra, Francisco René (autor)
Aineistotyyppi: Opinnäyte Kirja
Kieli:espanja
Aiheet:
Tagit: Lisää tagi
Ei tageja, Lisää ensimmäinen tagi!

MARC

LEADER 00000nam^a2200000^a^4500
001 000277558
005 20250526000000.0
009 20260310111338.316
037 |a Acervo ITESO - Biblioteca 
041 |a ESP 
082 |a 720. 2372  |b SUB 
100 |a Sube Ibarra, Francisco René  |e (autor) 
245 1 0 |a Actualización de tablas de aranceles profesionales /  |c F.R. Sube Ibarra. 
264 |a Guadalajara, México :  |b edición de autor,  |c 1993 
300 |a 154 p. ;  |c 20.5 cm. 
336 |a texto  |b txt  |2 rdacontenido 
337 |a sin mediación  |b n  |2 rdamedio 
338 |a volumen  |b nc  |2 rdasoporte 
502 |a ITESO Tesis de Licenciatura en Arquitectura 
649 |a XX 
650 |a Honorarios Profesionales -  |z México -  |x Tema Principal 
650 |a Arquitectura -  |x Prácticas Profesionales 
650 |a Arquitectura -  |z México -  |x Tema Principal 
910 |a Fondo Julio de la Peña Lomelín 
920 |a Impresos - Tesis del ITESO 
930 |a Libros Antiguos y Raros 
905 |a 108 
901 |a 0500129254  |b IT2  |c LRA  |u 20250526 
902 |a https://opac.biblio.iteso.mx/vufind/Record/000277558